| 000 | 00392nam a2200145Ia 4500 | ||
|---|---|---|---|
| 008 | 230917s9999||||xx |||||||||||||| ||und|| | ||
| 040 |
_e12679 _aMAIN |
||
| 041 | _aEnglish | ||
| 082 | _a301.441 F385P | ||
| 100 | _aFerman, Louis A. ed | ||
| 245 | 0 | _aPoverty in America: a book of readings | |
| 260 |
_aAnn Arbor _bUniversity of Michigan Press _c1969 |
||
| 300 | _axxxv,658 p. | ||
| 942 | _cBK | ||
| 999 |
_c215823 _d215823 |
||